Learning and teaching in higher education : the reflective professional (Record no. 11913)
[ view plain ]
| 000 -LEADER | |
|---|---|
| fixed length control field | 01029cam a2200301 a 4500 |
| 001 - CONTROL NUMBER | |
| control field | 15484668 |
| 005 - DATE AND TIME OF LATEST TRANSACTION | |
| control field | 20170105102351.0 |
| 008 - FIXED-LENGTH DATA ELEMENTS--GENERAL INFORMATION | |
| fixed length control field | 081015s2009 enka b 001 0 eng |
| 010 ## - LIBRARY OF CONGRESS CONTROL NUMBER | |
| LC control number | 2008939459 |
| 020 ## - INTERNATIONAL STANDARD BOOK NUMBER | |
| International Standard Book Number | 9781848600072 (cased) |
| 020 ## - INTERNATIONAL STANDARD BOOK NUMBER | |
| International Standard Book Number | 9781848600089 (pbk.) |
| 040 ## - CATALOGING SOURCE | |
| Original cataloging agency | DLC |
| Transcribing agency | DLC |
| Modifying agency | DLC |
| 050 00 - LIBRARY OF CONGRESS CALL NUMBER | |
| Classification number | LB2331 |
| Item number | .L49 2009 |
| 100 1# - MAIN ENTRY--PERSONAL NAME | |
| Personal name | Light, Greg, |
| Dates associated with a name | 1951- |
| 245 10 - TITLE STATEMENT | |
| Title | Learning and teaching in higher education : the reflective professional |
| Statement of responsibility, etc. | Greg Light, Susanna Calkins, Roy Cox. |
| 250 ## - EDITION STATEMENT | |
| Edition statement | 2nd ed. |
| 260 ## - PUBLICATION, DISTRIBUTION, ETC. | |
| Place of publication, distribution, etc. | London ; |
| -- | Thousand Oaks, CA : |
| Name of publisher, distributor, etc. | Sage Publications, |
| Date of publication, distribution, etc. | c2009. |
| 300 ## - PHYSICAL DESCRIPTION | |
| Extent | xviii, 341 p. : |
| Other physical details | ill. ; |
| Dimensions | 25 cm. |
| 504 ## - BIBLIOGRAPHY, ETC. NOTE | |
| Bibliography, etc. note | Includes bibliographical references (p. 304-327) and index. |
| 650 #0 - SUBJECT ADDED ENTRY--TOPICAL TERM | |
| Topical term or geographic name entry element | College teaching. |
| 650 #0 - SUBJECT ADDED ENTRY--TOPICAL TERM | |
| Topical term or geographic name entry element | Education, Higher. |
| 650 #0 - SUBJECT ADDED ENTRY--TOPICAL TERM | |
| Topical term or geographic name entry element | Reflective teaching. |
| 700 1# - ADDED ENTRY--PERSONAL NAME | |
| Personal name | Cox, Roy, |
| Dates associated with a name | 1932- |
| 700 1# - ADDED ENTRY--PERSONAL NAME | |
| Personal name | Calkins, Susanna. |
| 906 ## - LOCAL DATA ELEMENT F, LDF (RLIN) | |
| a | 7 |
| b | cbc |
| c | orignew |
| d | 2 |
| e | epcn |
| f | 20 |
| g | y-gencatlg |
| 942 ## - ADDED ENTRY ELEMENTS (KOHA) | |
| Source of classification or shelving scheme | |
| Koha item type | Book |
| Withdrawn status | Lost status | Damaged status | Not for loan | Collection code | Permanent Location | Current Location | Shelving location | Date acquired | Source of acquisition | Cost, normal purchase price | Total Checkouts | Full call number | Barcode | Date last seen | Price effective from | Koha item type |
|---|---|---|---|---|---|---|---|---|---|---|---|---|---|---|---|---|
| Central Library (CL) | Central Library (CL) | General Stacks | 05/18/2013 | Eagle Information Marketing | 3589.48 | 378.12 LIG | SEECS012356 | 06/10/2013 | 01/05/2017 | Book |
